Online
Catalog

La inmigración irregular y las políticas públicas de seguridad: caso de España y República Dominicana. / (Record no. 50736)

MARC details
000 -CABECERA
campo de control de longitud fija 00965nam a2200253 a 4500
003 - IDENTIFICADOR DEL NÚMERO DE CONTROL
campo de control DO-SdBNP
005 - FECHA Y HORA DE LA ÚLTIMA TRANSACCIÓN
campo de control 20211012140617.0
007 - CAMPO FIJO DE DESCRIPCIÓN FÍSICA--INFORMACIÓN GENERAL
campo de control de longitud fija ta
008 - DATOS DE LONGITUD FIJA--INFORMACIÓN GENERAL
campo de control de longitud fija 211012e2019 dr ab||er|||| 00| 0 spa d
020 ## - NÚMERO INTERNACIONAL ESTÁNDAR DEL LIBRO
Número Internacional Estándar del Libro 9789945166194
040 ## - FUENTE DE LA CATALOGACIÓN
Centro catalogador/agencia de origen DO-SdBNP
Lengua de catalogación spa
Centro/agencia transcriptor BNPHU
082 #4 - NÚMERO DE LA CLASIFICACIÓN DECIMAL DEWEY
Número de edición 22
Número de documento/Ítem E775i
100 1# - ENTRADA PRINCIPAL--NOMBRE DE PERSONA
Nombre de persona Espinosa Nova, Francisco
9 (RLIN) 80179
245 13 - MENCIÓN DE TÍTULO
Título La inmigración irregular y las políticas públicas de seguridad: caso de España y República Dominicana. /
Resto del título Francisco Espinosa Navas, Rafael David Sánchez Gómez
260 ## - PUBLICACIÓN, DISTRIBUCIÓN, ETC.
Lugar de publicación, distribución, etc. Santo Domingo :
Nombre del editor, distribuidor, etc. FUNGLODE,
Fecha de publicación, distribución, etc. 2019
300 ## - DESCRIPCIÓN FÍSICA
Extensión 99 p. :
Otras características físicas il., mapas ;
Dimensiones 23 cm.
490 ## - MENCIÓN DE SERIE
Mención de serie Cuaderno del Cesede;
Designación de volumen o secuencia 1
590 ## - NOTA LOCAL (RLIN)
Nota local Inventariado 2021 /MF
700 1# - PUNTO DE ACCESO ADICIONAL--NOMBRE DE PERSONA
Nombre de persona Sánchez Gómez, Rafael David
9 (RLIN) 80182
710 1# - PUNTO DE ACCESO ADICIONAL--NOMBRE DE ENTIDAD CORPORATIVA
Nombre de entidad corporativa o nombre de jurisdicción como elemento de entrada Fundación Global de Desarrollo (República de Dominicana)
9 (RLIN) 80180
830 ## - PUNTO DE ACCESO ADICIONAL DE SERIE-TÍTULO UNIFORME
Título uniforme Cuaderno del Cesede;
Lenguaje de la obra spa
Número de parte o sección de la obra 1
9 (RLIN) 80181
830 ## - PUNTO DE ACCESO ADICIONAL DE SERIE-TÍTULO UNIFORME
Título uniforme Fundación Global de Desarrollo (República de Dominicana)
9 (RLIN) 70237
942 ## - ELEMENTOS DE PUNTO DE ACCESO ADICIONAL (KOHA)
Fuente del sistema de clasificación o colocación Dewey Decimal Classification
Tipo de ítem Koha Libro
Holdings
Estado de retiro Estado de pérdida Fuente del sistema de clasificación o colocación Restricciones de uso No para préstamo Código de colección Localización permanente Ubicación/localización actual Ubicación en estantería Fecha de adquisición Fuente de adquisición Total de préstamos Signatura topográfica completa Código de barras Fecha visto por última vez Precio válido a partir de Tipo de ítem Koha Número de copia
    Dewey Decimal Classification Préstamo en sala   Dominicana de Servicio Biblioteca Nacional Pedro Henríquez Ureña General Depósito 19.10.2018 Depósito legal / Editorial Funglode   E775i 2021-27321 12.10.2021 12.10.2021 Libro y Folleto Colección Dominicana de Servicio e.3
    Dewey Decimal Classification Excluido de préstamo   Patrimonio Dominicano Biblioteca Nacional Pedro Henríquez Ureña Patrimonio Dominicano Depósito 19.11.2018 Depósito legal / Editorial Funglode   E775i 2021-27314 12.10.2021 12.10.2021 Libro y Folleto Colección Patrimonio Dominicano  
    Dewey Decimal Classification Excluido de préstamo   Patrimonio Dominicano Biblioteca Nacional Pedro Henríquez Ureña Patrimonio Dominicano Depósito 19.11.2018 Depósito legal / Editorial Funglode   E775i 2021-27319 12.10.2021 12.10.2021 Libro y Folleto Colección Patrimonio Dominicano e.2

Powered by Koha